000 00687nam a2200289Ia 4500
005 20260324124818.0
008 008 260324s9999 xx 000 0 eng d
020 _a9780203852002
037 _aEBOOK
040 _aCRL
040 _beng
040 _cCRL
041 _2eng
041 _aeng
084 _qCRL
100 _aAsaf Siniver
_91175583
245 0 _aInternational Terrorism Post-9/11
245 0 _bComparative Dynamics and Responses
260 _bTaylor and Francis
260 _c2010
365 _a
365 _b70.99
856 _uhttp://www.taylorfrancis.com/books/9780203852002
942 _cEBOOK
999 _c1770316
_d1770316